Metamanagement : la nueva con-ciencia de los negocios: cómo hacer de su vida profesional una obra de arte /

Metamanagement es una obra fundamental para nuestros tiempos. Pocas ideas de la era industrial han sido más destructivas que la fragmentación entre la vida ética y el éxito económico. Se nos está acabando el tiempo para corregir esta fractura. Fredy Kofman, uno de los mejores maestros ofrece un conj...

Full description

Bibliographic Details
Main Author: Kofman, Fredy
Format: Libro
Language:Spanish
Published: Buenos Aires Granica 2005
Subjects:
Online Access:

MARC

LEADER 00000cam a2200000 a 4500
001 019157
003 UAHC_CL
005 20170803121722.0
008 060302b2005 ag 000 spa
020 |a 9506413290 
040 |a UAHC_CL  |c UAHC_CL  |d UAHC_CL 
100 1 |a Kofman, Fredy 
245 1 0 |a Metamanagement :  |b la nueva con-ciencia de los negocios: cómo hacer de su vida profesional una obra de arte /  |c Fredy Kofman. 
260 |b Granica  |c 2005  |a Buenos Aires 
300 |a 3 v. 
505 0 |a v.1.- Principios -- v.2.- Aplicaciones -- v.3.- Filosofía 
520 |a Metamanagement es una obra fundamental para nuestros tiempos. Pocas ideas de la era industrial han sido más destructivas que la fragmentación entre la vida ética y el éxito económico. Se nos está acabando el tiempo para corregir esta fractura. Fredy Kofman, uno de los mejores maestros ofrece un conjunto de herramientas únicas para integrar formas de vida honorables con organizaciones innovadoras.\v.1.- PRINCIPIOS presenta un modelo de aprendizaje que permite a las personas, los equipos y las organizaciones alcanzar mayores niveles de efectividad.\v.2.- APLICACIONES contiene herramientas prácticas para mejorar los resultados operativos, los procesos interpersonales y la calidad de vida de la gente.\v.3.- FILOSOFÍA propone una perspectiva integradora que ayuda al ser humano a responder a los desafíos -en los negocios y en la vida- con inteligencia, ecuanimidad, integridad y conciencia. 
521 |a Comunicación Empresarial 
650 4 |a NEGOCIOS 
653 |a PERIODISMO 
658 |a Olivarí, José Luis 
900 |a 658.8 KOF 
942 |c BK 
952 |0 0  |1 0  |4 0  |6 658_800000000000000_KOF_V_1  |7 0  |8 General  |9 38412  |a BC  |b BC  |c General  |d 2017-08-03  |l 0  |o 658.8 KOF v.1  |p 1352092  |r 2026-01-13 00:00:00  |t 1  |w 2017-08-03  |y BK 
952 |0 0  |1 0  |4 0  |6 658_800000000000000_KOF_V_2  |7 0  |8 General  |9 38413  |a BC  |b BC  |c General  |d 2017-08-03  |l 0  |o 658.8 KOF v.2  |p 1352093  |r 2026-01-13 00:00:00  |t 1  |w 2017-08-03  |y BK 
952 |0 0  |1 0  |4 0  |6 658_800000000000000_KOF_V_3  |7 0  |8 General  |9 38414  |a BC  |b BC  |c General  |d 2017-08-03  |l 0  |o 658.8 KOF v.3  |p 1352094  |r 2026-01-13 00:00:00  |t 1  |w 2017-08-03  |y BK 
952 |0 0  |1 0  |4 0  |6 658_800000000000000_KOF_V_1  |7 0  |8 General  |9 38415  |a BC  |b BC  |c General  |d 2017-08-03  |l 0  |o 658.8 KOF v.1  |p 1352095  |r 2026-01-13 00:00:00  |t 2  |w 2017-08-03  |y BK 
952 |0 0  |1 0  |4 0  |6 658_800000000000000_KOF_V_2  |7 0  |8 General  |9 38416  |a BC  |b BC  |c General  |d 2017-08-03  |l 0  |o 658.8 KOF v.2  |p 1352096  |r 2026-01-13 00:00:00  |t 2  |w 2017-08-03  |y BK 
952 |0 0  |1 0  |4 0  |6 658_800000000000000_KOF_V_3  |7 0  |8 General  |9 38417  |a BC  |b BC  |c General  |d 2017-08-03  |l 0  |o 658.8 KOF v.3  |p 1352097  |r 2026-01-13 00:00:00  |t 2  |w 2017-08-03  |y BK 
999 |c 19157  |d 19157